| 000 | 00583nam a22002057a 4500 | ||
|---|---|---|---|
| 003 | OSt | ||
| 005 | 20140310182835.0 | ||
| 008 | 130606t xxu||||| |||| 00| 0 eng d | ||
| 020 | _a9789710090563 | ||
| 050 |
_aBV 4529.2 _b.W947 2010 |
||
| 082 |
_aM 646.77 _bW949 2010 |
||
| 245 |
_a101 questions to ask before you get engaged / _cWright, H. Norman |
||
| 260 |
_aMandaluyong City, Philippines : _bOMF Literature, _c2010. |
||
| 300 |
_a131 p. : _c21 cm. |
||
| 521 | _acollege students | ||
| 526 | _c1210L-1700L | ||
| 541 | _j1 | ||
| 562 | _e1 | ||
| 942 |
_2lcc _cBK _kM |
||
| 999 |
_c16741 _d16741 |
||